00417nam a22001337a 450000500170000000800410001704100130005808200130007110000130008424500460009726000860014330000280022965000260025720240507142438.0240507b |||||||| |||| 00| 0 eng d aEnglish  a349 LAW  lEnglish  aThe Law Reports : Queen's Bench Division  aLondon: bThe Incorporated Council of Law Reporting for England and Wales, c1961 bx, 466 pages; c25 cm.  aLegal practice bLaw